| 000 | 01158nam2a22002291 4500 | ||
|---|---|---|---|
| 001 | v19\rc\1484110 | ||
| 005 | 20250618153845.0 | ||
| 035 | _a(NLR Aleph) 004616206 | ||
| 090 |
_a2979603 _c2979603 |
||
| 100 | _a20060620d1879 |||y0rusy50 ca | ||
| 101 | 0 | _arus | |
| 102 | _aRU | ||
| 105 | _aag z ||||| | ||
| 200 | 0 | _aЧ. 2 | |
| 215 |
_a208 с. _cил., нот. |
||
| 461 | 0 |
_1001v19\rc\1484108 _12001#$aКурс хорового пения, составленный для преподавания в Казанской учительской семинарии С.В. Смоленским$eЧ. 1-3$vЧ. 2 _1700#1$aСмоленский$bС.В.$f1848-1909$gСтепан Васильевич$4220 _92979580 _aСмоленский, С. В. (1848-1909) _cКазань _d1879 _nлит. И. Перова _oЧ. 1-3 _p3 т. _tКурс хорового пения, составленный для преподавания в Казанской учительской семинарии С.В. Смоленским _vЧ. 2 |
|
| 801 | 0 |
_aRU _bNLR _gpsbo |
|
| 801 | 0 |
_aRU _bRuMoRGB _2psbo |
|
| 801 | 1 |
_aRU _bProSoft-M _2rusmarc |
|
| 852 |
_aNLR _j18.143.7.30 |
||
| 942 | _cBOOK | ||
| 980 | _aNB | ||